Southville International School and Colleges
Your cart is empty.
  • Cart
  • Lists
    Public lists Eva Luna New books Lux_list list_1
    Your lists Log in to create your own lists
  • Log in to your account
  • Your cookies
  • Search history
Southville International School and Colleges
  • Advanced search
  • Recent comments
  • Most popular
  • Libraries

Log in to your account

Log in with GOOGLE


If you do not have an external account, but do have a local account, you can still log in:

  1. Home
  2. MARC view: Processing :
Normal view MARC view ISBD view

Processing : (Record no. 358095)

[ view plain ]
MARC details
000 -LEADER
fixed length control field 00678nam a2200241Ia 4500
008 - FIXED-LENGTH DATA ELEMENTS--GENERAL INFORMATION
fixed length control field 180628s9999 xx 000 0 und d
020 ## - INTERNATIONAL STANDARD BOOK NUMBER
International Standard Book Number 978-1-4822-5595-9
050 ## - LIBRARY OF CONGRESS CALL NUMBER
Classification number ComSc QA 76.73
050 ## - LIBRARY OF CONGRESS CALL NUMBER
Item number .P75N94 2017
100 ## - MAIN ENTRY--PERSONAL NAME
Personal name Nyhoff, Jeffrey L.
245 #0 - TITLE STATEMENT
Title Processing :
245 #3 - TITLE STATEMENT
Remainder of title an introduction to programming /
245 #0 - TITLE STATEMENT
Statement of responsibility, etc by Jeffrey L. Nyhoff, Larry R. Nyhoff.
260 ## - PUBLICATION, DISTRIBUTION, ETC. (IMPRINT)
Place of publication, distribution, etc Florida :
260 ## - PUBLICATION, DISTRIBUTION, ETC. (IMPRINT)
Name of publisher, distributor, etc CRC Press,
260 ## - PUBLICATION, DISTRIBUTION, ETC. (IMPRINT)
Date of publication, distribution, etc 2017
300 ## - PHYSICAL DESCRIPTION
Extent 538 pages :
300 ## - PHYSICAL DESCRIPTION
Other physical details illustrations ;
300 ## - PHYSICAL DESCRIPTION
Dimensions 25 cm.
500 ## - GENERAL NOTE
General note Includes index.
650 ## - SUBJECT ADDED ENTRY--TOPICAL TERM
Topical term or geographic name as entry element Processing (Computer program language).
650 ## - SUBJECT ADDED ENTRY--TOPICAL TERM
General subdivision Computer programming -- Study and teaching.
Holdings
Withdrawn status Lost status Damaged status Home library Current library Shelving location Date acquired Cost, normal purchase price Total Checkouts Full call number Barcode Date last seen Price effective from Koha item type
      South Mansfield College South Mansfield College   06/26/2018 6525.00   ComSc QA 76.73 .P75N94 2017 SMC06179 06/28/2018 06/28/2018 Books

Processing :

APA

Nyhoff J. L., .Processing. Florida: .

Chicago

Nyhoff Jeffrey L, .Processing. Florida: .

Harvard

Nyhoff J. L., .Processing. Florida: .

MLA

Nyhoff Jeffrey L, .Florida: . .

  • Place hold
  • Print
  • Cite
  • Add to your cart (remove)
  • Save record
    BIBTEX Dublin Core MARCXML MARC (non-Unicode/MARC-8) MARC (Unicode/UTF-8) MARC (Unicode/UTF-8, Standard) MODS (XML) RIS
  • More searches
    Search for this title in:
    Other Libraries (WorldCat) Other Databases (Google Scholar) Online Stores (Bookfinder.com) Open Library (openlibrary.org)

Exporting to Dublin Core...

SOUTHVILLE LIBRARY

Southville International School and Colleges Library

1281 Tropical Ave. Cor. Luxembourg St., BF Homes International, Las Pinas City

Tel. No. 8256374 / 252358 Loc. 117/146

Powered by Koha